|
|
|
|
| LEADER |
00000nam0a2200000 4500 |
| 001 |
57727 |
| 005 |
20231031054423.0 |
| 010 |
|
|
|a 5765430112
|
| 035 |
|
|
|a (RuTPU)RU\TPU\book\60948
|
| 090 |
|
|
|a 57727
|
| 100 |
|
|
|a 20031117d2003 m y0rusy50 ca
|
| 101 |
1 |
|
|a eng
|
| 102 |
|
|
|a RU
|
| 105 |
|
|
|a y z 000zy
|
| 200 |
1 |
|
|a Подними свою самооценку
|e пер. с англ.
|f Д. Каунт
|
| 210 |
|
|
|a СПб.
|c Нева
|d 2003
|
| 215 |
|
|
|a 224 с.
|
| 225 |
1 |
|
|a На пути к успеху
|
| 610 |
1 |
|
|a психология
|
| 610 |
1 |
|
|a социальная психология
|
| 610 |
1 |
|
|a личность
|
| 610 |
1 |
|
|a успех
|
| 610 |
1 |
|
|a достижения
|
| 610 |
1 |
|
|a самооценка
|
| 610 |
1 |
|
|a уверенность
|
| 686 |
|
|
|a Ю952
|v LBC/SL-A
|2 rubbk
|
| 700 |
|
1 |
|a Каунт
|b Д.
|g Джон
|
| 801 |
|
1 |
|a RU
|b 63413507
|c 20031117
|g PSBO
|
| 801 |
|
2 |
|a RU
|b 63413507
|c 20120424
|g PSBO
|
| 942 |
|
|
|c BK
|